Dopasuj gminę do powiatu - Statystyki

Ogólne statystyki
  • Ten quiz został rozwiązany 31 razy
    29 od ostatniego zresetowania
  • Średni wynik to 14 z 30
Statystyki odpowiedzi
Zagadnienie Odpowiedź % Poprawnych
Gmina Lipsk augustowski
75%
Gmina Miastko bytowski
75%
Gmina Nowogród łomżyński
75%
Gmina Kamionka lubartowski
75%
Gmina Bobowo starogardzki
75%
Gmina Kluki bełchatowski
50%
Gmina Kamieniec grodziski
50%
Gmina Górno kielecki
50%
Gmina Masłów kielecki
50%
Gmina Wodzierady łaski
50%
Gmina Nowosolna łódzki wschodni
50%
Gmina Kiernozia łowicki
50%
Gmina Marczyce nie ma gminy o tej nazwie
50%
Gmina Krzeszów niżański
50%
Gmina Bielsk płocki
50%
Gmina Krzywcza przemyski
50%
Gmina Krzyżanowice raciborski
50%
Gmina Brochów sochaczewski
50%
Gmina Ryńsk wąbrzeski
50%
Gmina Stryszów wadowicki
50%
Gmina Łęka Opatowska kępiński
25%
Gmina Strzelce kutnowski
25%
Gmina Widawa łaski
25%
Gmina Karniewo makowski
25%
Gmina Lubień myślenicki
25%
Gmina Nowe Miasto płoński
25%
Gmina Nowy Dwór sokólski
25%
Gmina Duszniki szamotulski
25%
Gmina Krynice tomaszowski (lubelskie)
25%
Gmina Świerzawa złotoryjski
25%
Nie znaleziono quizów pasujących do podanych kryteriów
Rozkład punktacji
Procent ludzi z każdym wynikiem
Percentyl według liczby udzielonych odpowiedzi
Twoja historia wyników
Nie rozwiązałeś tego quizu od ostatniego zresetowania